[Event "interzonal (w)"]
[Site "Tuzla"]
[Date "1987.??.??"]
[Round "7"]
[White "Khadilkar, Rohini"]
[Black "Ivanka, Maria"]
[Result "1/2-1/2"]
[WhiteElo "2220"]
[BlackElo "2320"]
[EventDate "1987.07.??"]
[PlyCount "54"]

1.e4 c5 2.Nf3 e6 3.d4 cxd4 4.Nxd4 Nc6 5.Nc3 Qc7 6.g3 a6 7.Bg2 Nf6 8.O-O 
Be7 9.Re1 d6 10.Nxc6 bxc6 11.e5 dxe5 12.Rxe5 O-O 13.Re1 Bb7 14.Bf4 Qa5 15.
Ne4 Rad8 16.Qe2 Nd5 17.Bd2 Qb6 18.c4 Nb4 19.Bc3 c5 20.Qg4 f6 21.Bxb4 f5 
22.Qe2 cxb4 23.Nd2 Bxg2 24.Kxg2 e5 25.Rad1 e4 26.Nf1 Rxd1 27.Rxd1 Bc5 
1/2-1/2

[Event "interzonal (w)"]
[Site "Tuzla"]
[Date "1987.??.??"]
[Round "7"]
[White "Liu Shilan"]
[Black "Trabert, Bettina"]
[Result "1/2-1/2"]
[WhiteElo "2335"]
[BlackElo "2225"]
[EventDate "1987.07.??"]
[PlyCount "129"]

1.e4 e5 2.Bc4 Nf6 3.Nc3 Bc5 4.d3 Nc6 5.Bg5 h6 6.Be3 d6 7.Nge2 Bb6 8.O-O 
O-O 9.h3 Be6 10.Bxe6 fxe6 11.Bxb6 axb6 12.f4 Qd7 13.Qd2 Rf7 14.Ng3 Raf8 
15.Nce2 Nh7 16.Kh2 exf4 17.Rxf4 Rxf4 18.Nxf4 e5 19.Nd5 Nf6 20.Rf1 Nxd5 21.
Rxf8+ Kxf8 22.exd5 Ne7 23.c4 Ng6 24.d4 Qe7 25.Qd3 Qf6 26.dxe5 Nxe5 27.Qe4 
Nd7 28.Qg4 Qe7 29.b3 Kg8 30.h4 Nf6 31.Qf5 Qe5 32.Kh3 Qxf5+ 33.Nxf5 Kf7 34.
Nd4 g6 35.g4 h5 36.gxh5 gxh5 37.Ne6 c6 38.Nf4 Ke7 39.Kg3 Kf7 40.Kf3 Ke7 
41.a4 Kd7 42.Ke3 Kc7 43.Ne6+ Kd7 44.Kd4 Ke7 45.Ng5 Kd7 46.Nf3 Kc7 47.Ng5 
Kd7 48.Ne4 Ng4 49.Ng3 Nf6 50.dxc6+ bxc6 51.Kd3 d5 52.cxd5 cxd5 53.Kd4 Kd6 
54.b4 Kc6 55.Ne2 Ne4 56.Nf4 Ng3 57.Ke5 d4 58.Nd3 Kb7 59.b5 Kc7 60.Ne1 Ne2 
61.Ke4 Ng3+ 62.Kd3 Kd6 63.Nf3 Kc5 64.Nxd4 Kb4 65.Ke3 1/2-1/2

[Event "interzonal (w)"]
[Site "Tuzla"]
[Date "1987.??.??"]
[Round "7"]
[White "Maksimovic, Suzana"]
[Black "Brustman, Agnieszka"]
[Result "1/2-1/2"]
[WhiteElo "2345"]
[BlackElo "2320"]
[EventDate "1987.07.??"]
[PlyCount "49"]

1.d4 Nf6 2.c4 g6 3.Nc3 Bg7 4.e4 d6 5.Be2 O-O 6.Nf3 e5 7.O-O Nc6 8.d5 Ne7 
9.Ne1 Nd7 10.Nd3 f5 11.Bd2 Nf6 12.f3 f4 13.g4 fxg3 14.hxg3 c6 15.Kg2 b5 
16.Nb4 cxd5 17.Ncxd5 Nfxd5 18.cxd5 Bd7 19.Rc1 Qb6 20.Qb3 Kh8 21.Be3 Qb7 
22.Rh1 Bf6 23.Nc6 a6 24.g4 g5 25.Nxe7 1/2-1/2

[Event "interzonal (w)"]
[Site "Tuzla"]
[Date "1987.??.??"]
[Round "7"]
[White "Matveeva, Svetlana"]
[Black "Petrovic, Marija"]
[Result "1/2-1/2"]
[WhiteElo "2380"]
[BlackElo "2200"]
[EventDate "1987.07.??"]
[PlyCount "123"]

1.d4 g6 2.c4 Bg7 3.Nf3 d6 4.g3 Nf6 5.Bg2 c6 6.O-O O-O 7.Nc3 Qa5 8.h3 Be6 
9.d5 cxd5 10.Nd4 Bd7 11.cxd5 Rc8 12.Be3 Na6 13.Nb3 Qd8 14.Bd4 Rc4 15.e4 
Be8 16.Re1 Nd7 17.Bxg7 Kxg7 18.Bf1 Rcc8 19.Qd4+ Kg8 20.f4 Qb6 21.Rac1 Ndc5
22.Nd2 Na4 23.Qxb6 Nxb6 24.a3 Rc7 25.Nb5 Bxb5 26.Bxb5 Rac8 27.Rxc7 Rxc7 
28.Bd3 Nb8 29.Kf2 N8d7 30.Ke3 e6 31.dxe6 fxe6 32.b3 Kf7 33.a4 a5 34.Nc4 
Nxc4+ 35.Bxc4 Nb6 36.Bd3 Ke7 37.Kd2 Nd7 38.h4 Nc5 39.Bc4 Nxa4 40.Bxe6 Kxe6
41.bxa4 Rc4 42.Rb1 Rxe4 43.Rxb7 h5 44.Rb5 Rxa4 45.Rg5 Ra2+ 46.Ke3 Ra3+ 47.
Kf2 Kf7 48.f5 gxf5 49.Rxf5+ Ke6 50.Rxh5 d5 51.g4 a4 52.g5 Rb3 53.g6 Rb8 
54.g7 Rg8 55.Rh6+ Ke5 56.Ra6 Rxg7 57.Rxa4 d4 58.Kf3 Rf7+ 59.Ke2 Rf4 60.Ra8
Rxh4 61.Kd3 Rh3+ 62.Kd2 1/2-1/2

[Event "interzonal (w)"]
[Site "Tuzla"]
[Date "1987.??.??"]
[Round "7"]
[White "Nikolin, Zorica"]
[Black "Arakhamia, Ketevan"]
[Result "0-1"]
[WhiteElo "2325"]
[BlackElo "2375"]
[EventDate "1987.07.??"]
[PlyCount "95"]

1.e4 c5 2.Nf3 d6 3.d4 cxd4 4.Nxd4 Nf6 5.Nc3 a6 6.Bg5 e6 7.Qd3 Nbd7 8.O-O-O
h6 9.Bh4 Be7 10.f4 g5 11.fxg5 Ne5 12.Qe2 Nfd7 13.Nf3 hxg5 14.Bg3 Qc7 15.
Nxe5 Nxe5 16.Qf2 Bd7 17.Be2 b5 18.Rhf1 f6 19.a3 O-O-O 20.a4 Qb7 21.axb5 
axb5 22.Qd4 Bc6 23.Qb4 d5 24.Qa5 Nc4 25.Bxc4 dxc4 26.Ne2 Bxe4 27.Nd4 Bc5 
28.Nxb5 e5 29.Bf2 Bxf2 30.Rxf2 Rxd1+ 31.Kxd1 Rd8+ 32.Kc1 Qd7 33.Nc3 Qd4 
34.Qa6+ Kb8 35.Qb5+ Bb7 36.Rf1 f5 37.Kb1 Qe3 38.g3 f4 39.gxf4 gxf4 40.h4 
f3 41.Qxc4 f2 42.Qb5 Rd6 43.Rc1 Rb6 44.Qc4 Ba6 45.Qc7+ Ka8 46.Qd8+ Ka7 47.
Rd1 f1=Q 48.Rxf1 0-1

[Event "interzonal (w)"]
[Site "Tuzla"]
[Date "1987.??.??"]
[Round "7"]
[White "Sakhatova, Gulnar"]
[Black "Veroci-Petronic, Zsuzsa"]
[Result "1-0"]
[WhiteElo "2350"]
[BlackElo "2360"]
[EventDate "1987.07.??"]
[PlyCount "95"]

1.d4 Nf6 2.c4 g6 3.Nc3 Bg7 4.e4 d6 5.Be2 O-O 6.Nf3 Nbd7 7.O-O e5 8.Qc2 c6 
9.Rd1 Qe7 10.d5 c5 11.g3 Nh5 12.Bg5 Ndf6 13.Nh4 h6 14.Bd2 Ng4 15.f3 Ngf6 
16.Re1 Nh7 17.Ng2 f5 18.exf5 gxf5 19.f4 Qf7 20.fxe5 dxe5 21.Rf1 N5f6 22.
Nh4 Ne8 23.Bd3 Nd6 24.Ne4 Ne8 25.Nxc5 Qc7 26.Nb3 e4 27.Be2 Ng5 28.Ng2 Nf6 
29.Nf4 b6 30.Rac1 Ng4 31.Kg2 Re8 32.h3 Ne5 33.Be3 Ngf3 34.Nd2 Ng5 35.b4 a5
36.b5 Bd7 37.a4 Rac8 38.Qb3 Kh7 39.c5 bxc5 40.Rxc5 Qd6 41.Nc4 Nxc4 42.Qxc4
Nf3 43.Rc1 Bb2 44.Rd1 Ba3 45.Rc6 Bxc6 46.dxc6 Qf8 47.Rd7+ Re7 48.Qe6 1-0

[Event "interzonal (w)"]
[Site "Tuzla"]
[Date "1987.??.??"]
[Round "7"]
[White "Semenova, Lidia"]
[Black "Canela Gimenez, Teresa"]
[Result "1-0"]
[WhiteElo "2230"]
[BlackElo "2100"]
[EventDate "1987.07.??"]
[PlyCount "121"]

1.Nf3 Nf6 2.g3 g6 3.Bg2 Bg7 4.O-O O-O 5.d3 d5 6.Nbd2 Nc6 7.c4 a5 8.Rb1 e5 
9.cxd5 Nxd5 10.Nc4 h6 11.Bd2 Be6 12.Qe1 Qd7 13.Nxa5 Nxa5 14.Bxa5 b6 15.Bd2
Rxa2 16.Qc1 Kh7 17.Ne1 Rd8 18.Nc2 Ra7 19.Ne3 Nxe3 20.Bxe3 Bd5 21.Qc2 Bxg2 
22.Kxg2 Qd5+ 23.f3 Rda8 24.Rfe1 c5 25.Qc4 Qxc4 26.dxc4 Ra2 27.Kf2 e4 28.
fxe4 Rxb2 29.Rxb2 Bxb2 30.Rb1 Ra2 31.Kf3 Kg7 32.Bf4 Ra3+ 33.e3 Bf6 34.g4 
Bd4 35.Ke2 Ra2+ 36.Kd3 Ra3+ 37.Ke2 Ra2+ 38.Kf1 Bc3 39.Rxb6 Ra1+ 40.Ke2 
Ra2+ 41.Kd3 Ba5 42.Rb2 Ra3+ 43.Ke2 Bb4 44.Rc2 g5 45.Bg3 Kg6 46.e5 h5 47.
gxh5+ Kxh5 48.Kf3 Kg6 49.Ke4 Rb3 50.h4 Rc3 51.Rxc3 Bxc3 52.hxg5 Kxg5 53.
Bf4+ Kg4 54.Kd5 Bb4 55.Bh6 Kf3 56.Bf8 Ba5 57.Bxc5 Bd8 58.e4 Kf4 59.Bd6 Kg5
60.c5 Kg6 61.c6 1-0

[Event "interzonal (w)"]
[Site "Tuzla"]
[Date "1987.??.??"]
[Round "8"]
[White "Arakhamia, Ketevan"]
[Black "Hoiberg, Nina"]
[Result "1-0"]
[WhiteElo "2375"]
[BlackElo "2295"]
[EventDate "1987.07.??"]
[PlyCount "47"]

1.d4 g6 2.e4 Bg7 3.Nc3 d6 4.Nf3 Nf6 5.Be2 O-O 6.O-O c6 7.a4 Nbd7 8.e5 Ne8 
9.Re1 Qa5 10.Bg5 f6 11.Bh4 d5 12.Bd3 Qb4 13.Qd2 Kh8 14.e6 Nb8 15.a5 Qd6 
16.Bg3 Qd8 17.Qf4 Kg8 18.h4 Nd6 19.h5 g5 20.Qg4 h6 21.Bxd6 Qxd6 22.Qf5 Rd8
23.Re3 Na6 24.Nxg5 1-0

[Event "interzonal (w)"]
[Site "Tuzla"]
[Date "1987.??.??"]
[Round "8"]
[White "Brustman, Agnieszka"]
[Black "Nikolin, Zorica"]
[Result "1-0"]
[WhiteElo "2320"]
[BlackElo "2325"]
[EventDate "1987.07.??"]
[PlyCount "81"]

1.e4 e5 2.Nf3 Nc6 3.Bb5 a6 4.Ba4 Nf6 5.O-O Nxe4 6.d4 b5 7.Bb3 d5 8.dxe5 
Be6 9.Nbd2 Be7 10.c3 Nc5 11.Bc2 Bg4 12.Re1 O-O 13.h3 Bh5 14.Nb3 Ne4 15.
Bxe4 dxe4 16.Qxd8 Raxd8 17.Nfd4 Nxe5 18.Rxe4 Bd6 19.f4 Nd3 20.g4 f5 21.
Nxf5 Bf7 22.Nxd6 cxd6 23.f5 Rde8 24.Rd4 Re1+ 25.Kg2 Bc4 26.Kg3 Rfe8 27.Bg5
R1e2 28.Nd2 h6 29.Bf4 Nxb2 30.Rxd6 a5 31.Rb1 Nd3 32.Nxc4 bxc4 33.Rd4 Nxf4 
34.Kxf4 Rf2+ 35.Kg3 Rxa2 36.Rxc4 Re3+ 37.Kf4 Rxh3 38.Rb8+ Kh7 39.Rcc8 Rf2+
40.Ke4 Re2+ 41.Kd4 1-0

[Event "interzonal (w)"]
[Site "Tuzla"]
[Date "1987.??.??"]
[Round "8"]
[White "Frometa Castillo, Zirka"]
[Black "Canela Gimenez, Teresa"]
[Result "1/2-1/2"]
[WhiteElo "2220"]
[BlackElo "2100"]
[EventDate "1987.07.??"]
[PlyCount "82"]

1.d4 Nf6 2.Nf3 g6 3.Nc3 d5 4.Bf4 Bg7 5.e3 O-O 6.Be2 c6 7.O-O Nbd7 8.Re1 
Re8 9.Ne5 Nxe5 10.Bxe5 Bf5 11.g4 Be6 12.f4 Qc8 13.h3 Rf8 14.Rf1 Ne4 15.
Nxe4 dxe4 16.Bxg7 Kxg7 17.c4 Qc7 18.Qc2 f5 19.Qc3 Kg8 20.g5 Rf7 21.Kf2 h6 
22.Rg1 h5 23.Rgd1 Rff8 24.Rac1 Rac8 25.Qa3 Qd7 26.b3 Bf7 27.Rd2 b6 28.Rcd1
Rfd8 29.Qb2 Qc7 30.Rc1 c5 31.d5 Rd6 32.Qe5 Rd7 33.h4 Qd6 34.Rcd1 Rcd8 35.
Ke1 Rc8 36.Kf2 Rcd8 37.Qc3 Rc8 38.Qe5 Rcd8 39.a3 Rb8 40.Qc3 Rdb7 41.Rg1 
Kh7 1/2-1/2

[Event "interzonal (w)"]
[Site "Tuzla"]
[Date "1987.??.??"]
[Round "8"]
[White "Ioseliani, Nana"]
[Black "Liu Shilan"]
[Result "1-0"]
[WhiteElo "2450"]
[BlackElo "2335"]
[EventDate "1987.07.??"]
[PlyCount "55"]

1.e4 e5 2.Nf3 Nc6 3.Bb5 a6 4.Ba4 Nf6 5.O-O Be7 6.Re1 b5 7.Bb3 d6 8.c3 O-O 
9.h3 Na5 10.Bc2 c5 11.d4 Nd7 12.dxc5 dxc5 13.Nbd2 Qc7 14.Nf1 Nc4 15.N3h2 
Re8 16.Qf3 Bb7 17.Ng3 Nf6 18.Nf5 Nd6 19.Nxe7+ Rxe7 20.Nf1 Re6 21.Ng3 h6 
22.a4 Bc6 23.Be3 Nd7 24.axb5 axb5 25.Rxa8+ Bxa8 26.Ra1 Re8 27.Nh5 Kh7 28.
Qg4 1-0

[Event "interzonal (w)"]
[Site "Tuzla"]
[Date "1987.??.??"]
[Round "8"]
[White "Ivanka, Maria"]
[Black "Matveeva, Svetlana"]
[Result "1/2-1/2"]
[WhiteElo "2320"]
[BlackElo "2380"]
[EventDate "1987.07.??"]
[PlyCount "27"]

1.b3 e5 2.Bb2 Nc6 3.e3 Nf6 4.Bb5 Qe7 5.Ne2 g6 6.f4 e4 7.Nbc3 Rg8 8.d3 exd3
9.Qxd3 Nb4 10.Qd2 c6 11.Bd3 d5 12.a3 Nxd3+ 13.cxd3 Bd7 14.O-O 1/2-1/2

[Event "interzonal (w)"]
[Site "Tuzla"]
[Date "1987.??.??"]
[Round "8"]
[White "Lebel-Arias, Julia"]
[Black "Maksimovic, Suzana"]
[Result "0-1"]
[WhiteElo "2150"]
[BlackElo "2345"]
[EventDate "1987.07.??"]
[PlyCount "56"]

1.Nf3 Nf6 2.b4 g6 3.Bb2 Bg7 4.e3 O-O 5.c4 d6 6.d3 e5 7.Qc2 Qe7 8.Nc3 c6 9.
a4 Re8 10.Nd2 Nbd7 11.b5 Nc5 12.Be2 Bf5 13.Ba3 e4 14.d4 Nd3+ 15.Bxd3 exd3 
16.Qb3 Ng4 17.O-O Nxe3 18.Rae1 Nxf1 19.Rxe7 Nxd2 20.Rxe8+ Rxe8 21.Qd1 Nxc4
22.g4 d2 23.Kg2 Re1 24.Qb3 Be4+ 25.Kg3 Nxa3 26.bxc6 Bxc6 27.Qa2 Nb1 28.Qc2
Nxc3 0-1

[Event "interzonal (w)"]
[Site "Tuzla"]
[Date "1987.??.??"]
[Round "8"]
[White "Petrovic, Marija"]
[Black "Sakhatova, Gulnar"]
[Result "0-1"]
[WhiteElo "2200"]
[BlackElo "2350"]
[EventDate "1987.07.??"]
[PlyCount "82"]

1.Nf3 Nf6 2.d4 g6 3.Bf4 Bg7 4.e3 O-O 5.Nbd2 c5 6.c3 d6 7.Be2 b6 8.O-O Bb7 
9.h3 Nbd7 10.a4 Qc7 11.Bh2 a6 12.Re1 Rad8 13.Bf1 e5 14.Nc4 Rfe8 15.dxe5 
Nxe5 16.Nfxe5 dxe5 17.Qb3 Re6 18.Rad1 Rb8 19.Re2 Bd5 20.e4 Bxe4 21.Rde1 b5
22.axb5 axb5 23.Na3 c4 24.Qd1 Rd8 25.Qc1 Qc6 26.f3 Bd3 27.Rxe5 Qb6+ 28.Kh1
Bxf1 29.Rxf1 Rxe5 30.Bxe5 Ne4 31.Bf4 Nf2+ 32.Kh2 Nd3 33.Qe3 Qc6 34.Bg3 
Nxb2 35.Rb1 Nd1 36.Qg5 Rd5 37.Qe7 Nxc3 38.Re1 Bf8 39.Qe8 Qxe8 40.Rxe8 Kg7 
41.Rb8 Bxa3 0-1

[Event "interzonal (w)"]
[Site "Tuzla"]
[Date "1987.??.??"]
[Round "8"]
[White "Trabert, Bettina"]
[Black "Khadilkar, Rohini"]
[Result "1/2-1/2"]
[WhiteElo "2225"]
[BlackElo "2220"]
[EventDate "1987.07.??"]
[PlyCount "34"]

1.e4 e5 2.Nc3 Nf6 3.g3 Nc6 4.Bg2 Bc5 5.d3 a6 6.h3 d6 7.Nge2 Be6 8.Nd5 Nd4 
9.c3 Nxe2 10.Qxe2 c6 11.Nxf6+ Qxf6 12.f4 O-O-O 13.f5 Bd7 14.Be3 Bxe3 15.
Qxe3 g6 16.fxg6 fxg6 17.O-O-O Rhf8 1/2-1/2

[Event "interzonal (w)"]
[Site "Tuzla"]
[Date "1987.??.??"]
[Round "8"]
[White "Veroci-Petronic, Zsuzsa"]
[Black "Semenova, Lidia"]
[Result "0-1"]
[WhiteElo "2360"]
[BlackElo "2230"]
[EventDate "1987.07.??"]
[PlyCount "122"]

1.e4 e5 2.Nf3 Nc6 3.Bb5 g6 4.d4 exd4 5.Bg5 Be7 6.h4 h6 7.Bxe7 Qxe7 8.Bxc6 
dxc6 9.Qxd4 Nf6 10.Nc3 c5 11.Qd3 Bd7 12.O-O-O O-O-O 13.e5 Ng4 14.Nd5 Qe6 
15.Qa3 Kb8 16.Qxc5 Bc6 17.Nb4 Bxf3 18.gxf3 Nxe5 19.Rde1 Nd7 20.Qc3 Qf6 21.
Qxf6 Nxf6 22.Re7 Rhf8 23.Nd3 Nd5 24.Re5 Rfe8 25.Rhe1 Rf8 26.f4 Kc8 27.h5 
gxh5 28.Rxh5 Rd6 29.Reh1 Rh8 30.R1h4 c6 31.Re5 Rf6 32.c4 Nc7 33.Kc2 Ne6 
34.Kc3 Ng7 35.Rh1 h5 36.Rg1 Ne8 37.Reg5 Kc7 38.Rh1 h4 39.Rh3 Nd6 40.Re5 
Nf5 41.Nc5 Ng7 42.Rg5 Rh7 43.Rg4 Rfh6 44.Rg5 b6 45.Nd3 f6 46.Rg1 Nf5 47.b4
Re7 48.Rg8 Nd6 49.a4 Rhh7 50.Rg4 Nf5 51.Rg8 Rhg7 52.Rh8 Rh7 53.Rg8 Rd7 54.
Rf8 Rd6 55.c5 Re6 56.cxb6+ axb6 57.a5 Nd6 58.axb6+ Kxb6 59.Nc5 Re2 60.Rxf6
Nb5+ 61.Kb3 Ra7 0-1

[Event "interzonal (w)"]
[Site "Tuzla"]
[Date "1987.??.??"]
[Round "9"]
[White "Canela Gimenez, Teresa"]
[Black "Veroci-Petronic, Zsuzsa"]
[Result "0-1"]
[WhiteElo "2100"]
[BlackElo "2360"]
[EventDate "1987.07.??"]
[PlyCount "68"]

1.e4 c5 2.Nf3 e6 3.d4 cxd4 4.Nxd4 Nc6 5.Nb5 d6 6.Bf4 e5 7.Be3 Nf6 8.Bg5 
Qa5+ 9.Qd2 Nxe4 10.Qxa5 Nxa5 11.Be3 Kd7 12.N1c3 Nxc3 13.Nxc3 b6 14.O-O-O 
Bb7 15.f4 f6 16.fxe5 fxe5 17.Be2 Bxg2 18.Rhg1 Bh3 19.Bb5+ Kc7 20.Nd5+ Kb7 
21.b4 Nc6 22.Bd3 Rc8 23.Be4 Kb8 24.b5 Na5 25.Nb4 Rc4 26.Na6+ Kc8 27.Bd5 
Bd7 28.Bxc4 Nxc4 29.Bf2 Bxb5 30.Nb4 g6 31.Rg3 Bh6+ 32.Kb1 Nd2+ 33.Kb2 Ne4 
34.Rg2 Be2 0-1

[Event "interzonal (w)"]
[Site "Tuzla"]
[Date "1987.??.??"]
[Round "9"]
[White "Hoiberg, Nina"]
[Black "Brustman, Agnieszka"]
[Result "1/2-1/2"]
[WhiteElo "2295"]
[BlackElo "2320"]
[EventDate "1987.07.??"]
[PlyCount "102"]

1.e4 c5 2.Nf3 d6 3.d4 cxd4 4.Nxd4 Nf6 5.Nc3 a6 6.f4 e5 7.Nf3 Nbd7 8.Bc4 
Be7 9.O-O O-O 10.Kh1 b5 11.Bd5 Rb8 12.a3 Qc7 13.Qe1 a5 14.Nh4 Nb6 15.Bb3 
b4 16.axb4 axb4 17.Na2 Bb7 18.Nf5 Nxe4 19.Nxe7+ Qxe7 20.Nxb4 Nc5 21.Ba2 
Kh8 22.fxe5 dxe5 23.Be3 f5 24.Rd1 Qc7 25.Qc3 Nba4 26.Qc4 f4 27.Bxc5 Nxc5 
28.Nd5 Qc6 29.b4 Na4 30.Qxc6 Bxc6 31.Bb3 Nb2 32.Rde1 Bxd5 33.Bxd5 Rxb4 34.
Rxe5 Rd4 35.g3 Nc4 36.Bxc4 Rxc4 37.Rxf4 Rcxf4 38.gxf4 g6 39.Re4 Rc8 40.c4 
Kg7 41.Kg2 Kf6 42.Kf3 Rc5 43.Ke3 Rh5 44.Kd3 Rh3+ 45.Re3 Rxh2 46.c5 Ra2 47.
Kc4 Rc2+ 48.Kd5 h5 49.c6 h4 50.Rh3 g5 51.Kd6 Kf5 1/2-1/2

[Event "interzonal (w)"]
[Site "Tuzla"]
[Date "1987.??.??"]
[Round "9"]
[White "Khadilkar, Rohini"]
[Black "Ioseliani, Nana"]
[Result "1/2-1/2"]
[WhiteElo "2220"]
[BlackElo "2450"]
[EventDate "1987.07.??"]
[PlyCount "113"]

1.e4 c5 2.Nf3 d6 3.d4 cxd4 4.Nxd4 Nf6 5.Nc3 e6 6.Be2 a6 7.O-O Be7 8.f4 O-O
9.Kh1 Nc6 10.Be3 Bd7 11.Qe1 b5 12.a3 Qc7 13.Qg3 Nxd4 14.Bxd4 Bc6 15.Rad1 
Qb7 16.Bf3 g6 17.f5 e5 18.Be3 a5 19.Bg5 b4 20.axb4 axb4 21.Nd5 Bxd5 22.
exd5 Kg7 23.Qh4 Ng8 24.Bxe7 Qxe7 25.Qxb4 gxf5 26.Be2 f4 27.c4 Nf6 28.Qe1 
Ra2 29.b4 Rb8 30.g3 fxg3 31.Qxg3+ Kh8 32.Rg1 Rg8 33.Qe3 Rg6 34.Rxg6 hxg6 
35.c5 Qb7 36.cxd6 Qxb4 37.Qxe5 Qe4+ 38.Qxe4 Nxe4 39.d7 Ra8 40.Rc1 Nd6 41.
Ba6 Rd8 42.Bc8 Kg7 43.Kg2 Kf6 44.Kf3 Ke5 45.Rc5 Kd4 46.Ra5 Nxc8 47.dxc8=Q 
Rxc8 48.Ra7 Rf8 49.Ra5 Ke5 50.h4 f6 51.h5 gxh5 52.d6+ Kxd6 53.Rxh5 Ra8 54.
Rb5 Ra4 55.Ke3 Ke6 56.Kf3 f5 57.Rb8 1/2-1/2

[Event "interzonal (w)"]
[Site "Tuzla"]
[Date "1987.??.??"]
[Round "9"]
[White "Liu Shilan"]
[Black "Arakhamia, Ketevan"]
[Result "0-1"]
[WhiteElo "2335"]
[BlackElo "2375"]
[EventDate "1987.07.??"]
[PlyCount "72"]

1.e4 c5 2.Nf3 Nc6 3.d4 cxd4 4.Nxd4 Nf6 5.Nc3 e5 6.Ndb5 d6 7.Bg5 a6 8.Na3 
b5 9.Bxf6 gxf6 10.Nd5 f5 11.c3 Bg7 12.Bd3 Be6 13.Qh5 f4 14.O-O O-O 15.c4 
bxc4 16.Bxc4 Nd4 17.Rad1 Rb8 18.b3 f5 19.Nc3 Qd7 20.Rfe1 Rbe8 21.Ne2 fxe4 
22.Nxd4 Bxc4 23.Nxc4 exd4 24.Qd5+ Qe6 25.Qxd6 e3 26.Qxe6+ Rxe6 27.Re2 Rf5 
28.Rd3 f3 29.gxf3 Rg6+ 30.Kf1 Rfg5 31.Re1 exf2 32.Re8+ Kf7 33.Nd6+ Rxd6 
34.f4 Rg4 35.Re4 Rh4 36.h3 Rdh6 0-1

[Event "interzonal (w)"]
[Site "Tuzla"]
[Date "1987.??.??"]
[Round "9"]
[White "Maksimovic, Suzana"]
[Black "Frometa Castillo, Zirka"]
[Result "1-0"]
[WhiteElo "2345"]
[BlackElo "2220"]
[EventDate "1987.07.??"]
[PlyCount "109"]

1.d4 Nc6 2.e4 d5 3.e5 Bf5 4.Nf3 e6 5.Be2 Be7 6.O-O f6 7.c4 Qd7 8.cxd5 exd5
9.Nc3 a6 10.Bf4 fxe5 11.Nxe5 Nxe5 12.Bxe5 Nf6 13.Rc1 c6 14.Na4 Qd8 15.Qb3 
b5 16.Nc5 O-O 17.Qg3 Bxc5 18.Rxc5 Qd7 19.f3 Bg6 20.Rfc1 Rac8 21.a4 Qe6 22.
axb5 axb5 23.R5c3 Nd7 24.Bxb5 Nxe5 25.Qxe5 Qxe5 26.dxe5 Be8 27.Bxc6 Bxc6 
28.Rxc6 Rxc6 29.Rxc6 Rb8 30.Rd6 Rxb2 31.Rxd5 Kf7 32.Rd7+ Kf8 33.f4 Rb4 34.
g3 Rb2 35.Ra7 Rc2 36.Ra3 Kf7 37.Rf3 Re2 38.Rf2 Re4 39.Kg2 g6 40.Kf3 Re1 
41.Rd2 Ke7 42.Ra2 h5 43.Ra7+ Kf8 44.h3 Rb1 45.Ra3 Ke7 46.g4 hxg4+ 47.hxg4 
Ke6 48.Ra6+ Kf7 49.f5 Rf1+ 50.Ke4 g5 51.Ra7+ Kf8 52.f6 Rf4+ 53.Kd5 Rxg4 
54.Ke6 Kg8 55.Ra8+ 1-0

[Event "interzonal (w)"]
[Site "Tuzla"]
[Date "1987.??.??"]
[Round "9"]
[White "Matveeva, Svetlana"]
[Black "Trabert, Bettina"]
[Result "1-0"]
[WhiteElo "2380"]
[BlackElo "2225"]
[EventDate "1987.07.??"]
[PlyCount "77"]

1.d4 d5 2.Nf3 c6 3.c4 e6 4.Qc2 Nf6 5.g3 Be7 6.Bg2 O-O 7.O-O b6 8.b3 Bb7 9.
Rd1 Nbd7 10.Nc3 Rc8 11.e4 dxe4 12.Nxe4 c5 13.Nxf6+ Bxf6 14.Ng5 Bxg5 15.
Bxb7 Rc7 16.Be4 f5 17.Bg2 Bxc1 18.Raxc1 Qf6 19.dxc5 Nxc5 20.b4 Nd7 21.f4 
e5 22.Qa4 Nb8 23.fxe5 Qxe5 24.Bd5+ Kh8 25.Re1 Qd4+ 26.Kh1 g6 27.Re8 Kg7 
28.Rce1 Qf2 29.R8e2 Qd4 30.Re7+ Rxe7 31.Rxe7+ Kh6 32.Qxa7 Qd1+ 33.Kg2 Qd2+
34.Kh3 Kg5 35.Rxh7 Re8 36.Qg7 Qe2 37.Qh6+ Kf6 38.Rf7+ Ke5 39.Qf4# 1-0

[Event "interzonal (w)"]
[Site "Tuzla"]
[Date "1987.??.??"]
[Round "9"]
[White "Nikolin, Zorica"]
[Black "Lebel-Arias, Julia"]
[Result "0-1"]
[WhiteElo "2325"]
[BlackElo "2150"]
[EventDate "1987.07.??"]
[PlyCount "90"]

1.e4 e6 2.d4 a6 3.Nf3 b5 4.Bd3 Bb7 5.Be3 d6 6.c3 Nd7 7.Nbd2 Ngf6 8.O-O Be7
9.a4 O-O 10.Qc2 e5 11.axb5 axb5 12.Bxb5 Ng4 13.Rad1 Nxe3 14.fxe3 c6 15.Be2
Qc7 16.Nc4 Bf6 17.Nxd6 Qxd6 18.dxe5 Qe7 19.exf6 Nxf6 20.Bd3 h6 21.Nd4 Ng4 
22.Qe2 Ne5 23.Rf4 c5 24.Nf5 Qe6 25.Bb5 Rad8 26.Rdf1 c4 27.Nd4 Qc8 28.Qh5 
Qc7 29.Nf5 Rd2 30.Qh3 Ng6 31.Rg4 Rfd8 32.Qf3 Rxb2 33.Ba4 Rdd2 34.Be8 Kh8 
35.Nxg7 Qe7 36.Nf5 Qxe8 37.Nxh6 Bxe4 38.Nxf7+ Kg8 39.Rxe4 Rxg2+ 40.Qxg2 
Rxg2+ 41.Kxg2 Qxe4+ 42.Kg3 Qxe3+ 43.Rf3 Qe1+ 44.Kh3 Qh4+ 45.Kg2 Nf4+ 0-1

[Event "interzonal (w)"]
[Site "Tuzla"]
[Date "1987.??.??"]
[Round "9"]
[White "Sakhatova, Gulnar"]
[Black "Ivanka, Maria"]
[Result "1/2-1/2"]
[WhiteElo "2350"]
[BlackElo "2320"]
[EventDate "1987.07.??"]
[PlyCount "81"]

1.c4 Nf6 2.d4 g6 3.Nc3 Bg7 4.e4 d6 5.Be2 O-O 6.Nf3 Nbd7 7.O-O e5 8.Qc2 c6 
9.Rd1 Qe7 10.d5 c5 11.g3 Kh8 12.Bg5 a6 13.Re1 Qe8 14.Nh4 Ng8 15.Bd2 Qe7 
16.Ng2 f5 17.exf5 gxf5 18.f4 e4 19.g4 b5 20.cxb5 axb5 21.Bxb5 Bd4+ 22.Be3 
Nh6 23.g5 Ng4 24.Bxd4+ cxd4 25.Ne2 Nde5 26.fxe5 Qa7 27.Qc4 dxe5 28.h3 d3+ 
29.Nd4 d2 30.Rf1 f4 31.hxg4 Bxg4 32.Ne3 exd4 33.Nxg4 Rf5 34.d6 f3 35.Bc6 
Rxg5 36.Bxa8 Rxg4+ 37.Kh2 Rh4+ 38.Kg3 Qg7+ 39.Kxh4 Qf6+ 40.Kg4 h5+ 41.Kxh5
1/2-1/2

[Event "interzonal (w)"]
[Site "Tuzla"]
[Date "1987.??.??"]
[Round "9"]
[White "Semenova, Lidia"]
[Black "Petrovic, Marija"]
[Result "0-1"]
[WhiteElo "2230"]
[BlackElo "2200"]
[EventDate "1987.07.??"]
[PlyCount "88"]

1.d4 g6 2.Nf3 Bg7 3.g3 Nf6 4.Bg2 O-O 5.O-O d6 6.c4 c6 7.Nc3 Qa5 8.e4 e5 9.
d5 cxd5 10.cxd5 Nbd7 11.Rb1 a6 12.b4 Qc7 13.Qb3 b5 14.Bg5 Nb6 15.Nd2 h6 
16.Be3 Ng4 17.Bxb6 Qxb6 18.h3 Nf6 19.a4 Nh5 20.Kh2 Bd7 21.axb5 axb5 22.Qb2
f5 23.Nb3 f4 24.Bf3 fxg3+ 25.fxg3 Nf6 26.Na5 h5 27.Bg2 h4 28.gxh4 Bh6 29.
Bf3 Qe3 30.Kg2 Nh5 31.Nd1 Bxh3+ 32.Kxh3 Rxf3+ 33.Rxf3 Qxf3+ 34.Kh2 Qg3+ 
35.Kh1 Qxh4+ 36.Kg1 Qe1+ 37.Kh2 Bf4+ 38.Kg2 Qxe4+ 39.Kg1 Qe1+ 40.Kg2 Qg3+ 
41.Kh1 Qf3+ 42.Kg1 Ng3 43.Nc3 Be3+ 44.Kh2 Kg7 0-1

[Event "interzonal (w)"]
[Site "Tuzla"]
[Date "1987.??.??"]
[Round "10"]
[White "Arakhamia, Ketevan"]
[Black "Khadilkar, Rohini"]
[Result "1-0"]
[WhiteElo "2375"]
[BlackElo "2220"]
[EventDate "1987.07.??"]
[PlyCount "55"]

1.d4 Nf6 2.c4 c5 3.d5 d6 4.Nc3 g6 5.Nf3 Bg7 6.e4 b5 7.cxb5 a6 8.Be2 O-O 9.
a4 axb5 10.Bxb5 Ba6 11.Bd2 e6 12.O-O exd5 13.exd5 Bb7 14.Bf4 Na6 15.Bc6 
Bxc6 16.dxc6 d5 17.Re1 Rc8 18.Ne5 Nb4 19.Bg5 Re8 20.a5 Nxc6 21.Nxc6 Rxe1+ 
22.Qxe1 Rxc6 23.a6 Re6 24.Qd1 Qa8 25.a7 d4 26.Bxf6 Bxf6 27.Nb5 Bd8 28.Qf3 
1-0

[Event "interzonal (w)"]
[Site "Tuzla"]
[Date "1987.??.??"]
[Round "10"]
[White "Brustman, Agnieszka"]
[Black "Liu Shilan"]
[Result "1/2-1/2"]
[WhiteElo "2320"]
[BlackElo "2335"]
[EventDate "1987.07.??"]
[PlyCount "51"]

1.e4 c5 2.Nf3 Nc6 3.d4 cxd4 4.Nxd4 Nf6 5.Nc3 d6 6.Bg5 e6 7.Qd2 Be7 8.O-O-O
O-O 9.Nb3 Qb6 10.f3 Rd8 11.Kb1 d5 12.Bxf6 dxe4 13.Bd4 Nxd4 14.Nxd4 e5 15.
fxe4 Rxd4 16.Qc1 Be6 17.Rxd4 exd4 18.Nd5 Bxd5 19.exd5 Qc5 20.Qe1 Bf6 21.
Qe4 Rd8 22.Bd3 g6 23.Rf1 Bg7 24.d6 Qxd6 25.Bc4 b5 26.Bxb5 1/2-1/2

[Event "interzonal (w)"]
[Site "Tuzla"]
[Date "1987.??.??"]
[Round "10"]
[White "Frometa Castillo, Zirka"]
[Black "Veroci-Petronic, Zsuzsa"]
[Result "1-0"]
[WhiteElo "2220"]
[BlackElo "2360"]
[EventDate "1987.07.??"]
[PlyCount "69"]

1.e4 c5 2.Nc3 e6 3.Nf3 Nc6 4.d4 cxd4 5.Nxd4 a6 6.Be2 Qc7 7.O-O Nf6 8.a3 
Be7 9.Kh1 O-O 10.f4 Nxd4 11.Qxd4 d6 12.Be3 b5 13.Rad1 Bb7 14.Bf3 Nd7 15.a4
bxa4 16.Nxa4 Rac8 17.Rf2 Rfd8 18.Nb6 Nxb6 19.Qxb6 Qb8 20.Qa7 Qxa7 21.Bxa7 
Rc4 22.Re2 Rdc8 23.c3 Kf8 24.Kg1 a5 25.Bb6 a4 26.Ba5 d5 27.exd5 Bc5+ 28.
Kh1 exd5 29.g3 Ra8 30.Bxd5 Rxa5 31.Bxb7 Be7 32.Rd7 Bf6 33.Bd5 Rxd5 34.Rxd5
a3 35.Ra5 1-0

[Event "interzonal (w)"]
[Site "Tuzla"]
[Date "1987.??.??"]
[Round "10"]
[White "Ioseliani, Nana"]
[Black "Matveeva, Svetlana"]
[Result "1-0"]
[WhiteElo "2450"]
[BlackElo "2380"]
[EventDate "1987.07.??"]
[PlyCount "69"]

1.e4 c5 2.Nf3 Nc6 3.d4 cxd4 4.Nxd4 Nf6 5.Nc3 e5 6.Ndb5 d6 7.Bg5 a6 8.Na3 
b5 9.Bxf6 gxf6 10.Nd5 f5 11.c3 fxe4 12.Bxb5 axb5 13.Nxb5 Be6 14.Nbc7+ Kd7 
15.Nxa8 Bxd5 16.Qxd5 Qxa8 17.Qxf7+ Ne7 18.O-O Rg8 19.Qxh7 Kc7 20.Rae1 Rg6 
21.Qf7 Kd7 22.f4 exf3 23.Qxf3 Qa7+ 24.Kh1 Bh6 25.Re4 Qxa2 26.Rb4 Bg5 27.
Qg4+ Kc6 28.Qe2 Qd5 29.Ra1 Kd7 30.Rb5 Qd2 31.Qf3 Ke6 32.Rd1 Qf4 33.Qd3 e4 
34.Qc4+ d5 35.Qd4 1-0